Encyclopedia of environmental analysis and remediation : V.1 : [A-Bi]

Shranjeno v:
Bibliografske podrobnosti
Format: Knjiga
Jezik:English
Izdano: New York : John Wiley and Sons, 1998.
Teme:
Oznake: Označite
Brez oznak, prvi označite!
Thư viện lưu trữ: Mạng thư viện Đại học Đà Nẵng
LEADER 00965cam a2200349 i 4500
001 000045685
003 4880
005 20030228162611.0
008 010220|1998 vm 000 eng
020 |a 0471117080 
040 |a IRC  |c IRC  |d IRC 
041 0 |a eng 
082 1 4 |a 628  |b En-E 
245 0 0 |a Encyclopedia of environmental analysis and remediation :  |n V.1 :  |p [A-Bi] 
260 |a New York :  |b John Wiley and Sons,  |c 1998. 
300 |a 8v. (xxi, 5400p.) :  |b ill. 
630 0 4 |a Environmental sciences. 
630 0 4 |a Encyclopedias. 
630 0 4 |a Pollution. 
650 0 4 |a Environmental sciences  |v Encyclopedias. 
650 0 4 |a Pollution  |x Analysis  |v Encyclopedias. 
650 0 4 |a Environmental protection  |v Encyclopedias. 
OWN |a DUT 
999 |a From the UDN01 
TYP |a Monograph 
TYP |a Printed language 
980 |a Mạng thư viện Đại học Đà Nẵng